000 00529nam a2200181Ia 4500
008 090123s9999 xx 000 0 und d
082 _b19123
_a891.463/सावंत
100 _aसावंत हेमंत
245 _aकन्फेशन
250 _a1
260 _bपुजा प्रकाशन
_c1989
300 _a204
600 _aसावंत हेमंत
630 _aकन्फेशन
700 _aसावंत हेमंत
730 _aकन्फेशन
942 _cBOOK
999 _c57188
_d57188